Online
Catalog

Relicario de ensueño : (Record no. 32859)

MARC details
000 -CABECERA
campo de control de longitud fija 00562nam a2200157 a 4500
001 - NÚMERO DE CONTROL
campo de control 000033368
005 - FECHA Y HORA DE LA ÚLTIMA TRANSACCIÓN
campo de control 20200930070218.0
008 - DATOS DE LONGITUD FIJA--INFORMACIÓN GENERAL
campo de control de longitud fija 110825s1938 dr c 000 0 spa d
040 ## - FUENTE DE LA CATALOGACIÓN
Centro catalogador/agencia de origen DO-SdBNP
Lengua de catalogación spa
Centro/agencia transcriptor BNPHU
082 ## - NÚMERO DE LA CLASIFICACIÓN DECIMAL DEWEY
Número de clasificación xxx
Número de documento/Ítem C355r
100 1# - ENTRADA PRINCIPAL--NOMBRE DE PERSONA
Nombre de persona Castro Noboa, H. B. de,
Fechas asociadas al nombre 1911-
9 (RLIN) 58947
245 10 - MENCIÓN DE TÍTULO
Título Relicario de ensueño :
Resto del título (poesías) /
Mención de responsabilidad, etc. H. B. de Castro Noboa ; prólogo Juan Bautista Lamarche.
260 ## - PUBLICACIÓN, DISTRIBUCIÓN, ETC.
Lugar de publicación, distribución, etc. La Vega Real, República Dominicana :
Nombre del editor, distribuidor, etc. El Progreso,
Fecha de publicación, distribución, etc. 1938.
300 ## - DESCRIPCIÓN FÍSICA
Extensión 139 p. :
Otras características físicas retr. ;
Dimensiones 22 cm.
700 1# - PUNTO DE ACCESO ADICIONAL--NOMBRE DE PERSONA
Nombre de persona Bautista Lamarche, Juan,
Término indicativo de función/relación pról.
9 (RLIN) 55209
Holdings
Estado de retiro Estado de pérdida Restricciones de uso No para préstamo Código de colección Localización permanente Ubicación/localización actual Ubicación en estantería Fecha de adquisición Número de inventario Total de préstamos Signatura topográfica completa Código de barras Fecha visto por última vez Precio válido a partir de Tipo de ítem Koha Nota pública
      Excluido de préstamo Raros y valiosos Patrimonio Dominicano Patrimonio Dominicano En catalogación 25.08.2011 LF1   xxx C355r 33368-10 25.06.2020 25.06.2020 No se presta Perteneció a la biblioteca personal de Martínez Boog

Powered by Koha